Statistics for 48 Counties in One Minute

Click here to take the quiz!

General Stats

  • This quiz has been taken 10 times
  • The average score is 14 of 48

Answers on the Map

Answers color-coded by a green-red scale on the quiz's map according to % correct below.
Loading ...
 

Answer Stats

County% Correct
City of London
86%
North Yorkshire
86%
Greater London
71%
East Sussex
57%
Lancashire
57%
Cornwall
43%
Cumbria
43%
Dorset
43%
East Riding of
Yorkshire
43%
Essex
43%
Isle of Wight
43%
Suffolk
43%
West Sussex
43%
Bedfordshire
29%
Cheshire
29%
City of Bristol
29%
Derbyshire
29%
Devon
29%
Durham
29%
Greater Manchester
29%
Kent
29%
Lincolnshire
29%
Norfolk
29%
Northumberland
29%
Rutland
29%
Shropshire
29%
South Yorkshire
29%
Staffordshire
29%
Tyne and Wear
29%
West Yorkshire
29%
Wiltshire
29%
Berkshire
14%
Buckinghamshire
14%
Cambridgeshire
14%
Hampshire
14%
Hertfordshire
14%
Leicestershire
14%
Merseyside
14%
Northamptonshire
14%
Nottinghamshire
14%
Oxfordshire
14%
Somerset
14%
Surrey
14%
Warwickshire
14%
West Midlands
14%
Worcestershire
14%
Gloucestershire
0%
Herefordshire
0%

Score Distribution

Percentile by Number Answered

Percent of People with Each Score

Your Score History

You have not taken this quiz